Globalization and the cultures of business in Africa : (Record no. 27084)
[ view plain ]
| 000 -LEADER | |
|---|---|
| fixed length control field | 01926aam a2200409 a 4500 |
| 001 - CONTROL NUMBER | |
| control field | 016053085 |
| 003 - CONTROL NUMBER IDENTIFIER | |
| control field | Uk |
| 005 - DATE AND TIME OF LATEST TRANSACTION | |
| control field | 20190205112740.0 |
| 008 - FIXED-LENGTH DATA ELEMENTS--GENERAL INFORMATION | |
| fixed length control field | 120430s2012 inua b s001 0 eng c |
| 015 ## - | |
| -- | GBB228465 |
| -- | bnb |
| 016 7# - | |
| -- | 016053085 |
| -- | Uk |
| 020 ## - INTERNATIONAL STANDARD BOOK NUMBER | |
| International Standard Book Number | 9780253002662 (hbk.) : |
| 020 ## - INTERNATIONAL STANDARD BOOK NUMBER | |
| International Standard Book Number | 0253002664 (hbk.) : |
| 020 ## - INTERNATIONAL STANDARD BOOK NUMBER | |
| International Standard Book Number | 9780253005731 (pbk.) : |
| 020 ## - INTERNATIONAL STANDARD BOOK NUMBER | |
| International Standard Book Number | 0253005736 (pbk.) : |
| 020 ## - INTERNATIONAL STANDARD BOOK NUMBER | |
| Cancelled/invalid ISBN | 9780253005816 (ebk.) |
| 040 ## - CATALOGING SOURCE | |
| Original cataloging agency | StDuBDS |
| Language of cataloging | eng |
| Transcribing agency | StDuBDS |
| Modifying agency | Uk |
| -- | EG-ScBUE |
| 043 ## - GEOGRAPHIC AREA CODE | |
| Geographic area code | fb----- |
| 082 04 - DEWEY DECIMAL CLASSIFICATION NUMBER | |
| Classification number | 338.70967 |
| Edition number | 22 |
| Item number | TAY |
| 100 1# - MAIN ENTRY--PERSONAL NAME | |
| Personal name | Taylor, Scott D., |
| Dates associated with a name | 1965- |
| 245 10 - TITLE STATEMENT | |
| Title | Globalization and the cultures of business in Africa : |
| Remainder of title | from patrimonialism to profit / |
| Statement of responsibility, etc | Scott D. Taylor. |
| 264 ## - PUBLICATION, DISTRIBUTION, ETC. (IMPRINT) | |
| Place of publication, distribution, etc | Bloomington, IN: |
| Name of publisher, distributor, etc | Indiana University Press; |
| Date of publication, distribution, etc | 2012. |
| 300 ## - PHYSICAL DESCRIPTION | |
| Extent | xvi, 247 pAGES : |
| Other physical details | illustration ; |
| Dimensions | 23 cm. |
| 336 ## - CONTENT TYPE | |
| Content type term | text |
| Source | rdacontent |
| 337 ## - MEDIA TYPE | |
| Media type term | unmediated |
| Source | rdamedia |
| 338 ## - CARRIER TYPE | |
| Carrier type term | volume |
| Source | rdacarrier |
| 500 ## - GENERAL NOTE | |
| General note | Formerly CIP. |
| Institution to which field applies | Uk |
| 504 ## - BIBLIOGRAPHY, ETC. NOTE | |
| Bibliography, etc | Includes bibliographical references (p.221-233) and index. |
| 505 0# - FORMATTED CONTENTS NOTE | |
| Formatted contents note | African business and capitalism in historical perspective -- Institutional change in the 1990s : economic and political reform -- Business, the African state, and globalization in the new millennium : transnational influences and domestic responses -- Foreign investment beyond compradorism and primary commodities : the role of the global South -- From patrimonialism to profit? : the transformation of crony capitalists and bureaucratic bourgeoisies -- Going continental, going global : Africa's corporate "giants". |
| 650 #7 - SUBJECT ADDED ENTRY--TOPICAL TERM | |
| Topical term or geographic name as entry element | Business enterprises |
| Geographic subdivision | Africa, Sub-Saharan. |
| Source of heading or term | BUEsh |
| 650 #7 - SUBJECT ADDED ENTRY--TOPICAL TERM | |
| Topical term or geographic name as entry element | Globalization |
| Geographic subdivision | Africa, Sub-Saharan. |
| Source of heading or term | BUEsh |
| 650 #7 - SUBJECT ADDED ENTRY--TOPICAL TERM | |
| Topical term or geographic name as entry element | Capitalism |
| Geographic subdivision | Africa, Sub-Saharan. |
| Source of heading or term | BUEsh |
| 650 #7 - SUBJECT ADDED ENTRY--TOPICAL TERM | |
| Topical term or geographic name as entry element | Investments, Foreign |
| Geographic subdivision | Africa, Sub-Saharan. |
| Source of heading or term | BUEsh |
| 650 #7 - SUBJECT ADDED ENTRY--TOPICAL TERM | |
| Topical term or geographic name as entry element | Big business |
| Geographic subdivision | Africa, Sub-Saharan. |
| Source of heading or term | BUEsh |
| 653 ## - INDEX TERM--UNCONTROLLED | |
| Arrived date list | February2019 |
| 942 ## - ADDED ENTRY ELEMENTS (KOHA) | |
| Source of classification or shelving scheme | Dewey Decimal Classification |
| Koha item type | Book - Borrowing |
| Withdrawn status | Lost status | Source of classification or shelving scheme | Damaged status | Not for loan | Collection code | Home library | Current library | Shelving location | Date acquired | Source of acquisition | Cost, normal purchase price | Serial Enumeration / chronology | Total Checkouts | Full call number | Barcode | Date last seen | Price effective from | Koha item type |
|---|---|---|---|---|---|---|---|---|---|---|---|---|---|---|---|---|---|---|
| Dewey Decimal Classification | MERIC | Central Library | Central Library | First floor | 05/02/2019 | Purchase | 199.15 | 000292 | 338.70967 TAY | 000044117 | 24/08/2022 | 05/02/2019 | Book - Borrowing |